| 000 | 00382nam a2200169Ia 4500 | ||
|---|---|---|---|
| 008 | 210210b1913 xxu||||| |||| 00| 0 eng d | ||
| 041 | _aeng | ||
| 082 | _a444/83 | ||
| 100 | _aLATHAM (A G) | ||
| 245 | _aLittle French plays | ||
| 260 |
_aLondon _bMacmillan & Co. Ltd. _c1913 |
||
| 650 | _aplays | ||
| 650 | _aLittle | ||
| 650 | _aFrench | ||
| 690 | _aFrench | ||
| 906 | _a006278 | ||
| 999 |
_c129298 _d129298 |
||